Jeppy na flagach #1 - Statystyki

Ogólne statystyki
  • Ten quiz został rozwiązany 3 751 razy
  • Średni wynik to 14 z 16
Statystyki odpowiedzi
Obrazkowy Odpowiedź % Poprawnych
Brazylia
100%
Wielka Brytania
100%
Cypr
99%
Stany Zjednoczone
99%
Turcja
98%
Argentyna
97%
Macedonia Północna
96%
Watykan
96%
Japonia
95%
Maroko
92%
Liechtenstein
91%
Bhutan
84%
Paragwaj
80%
Dominika
75%
Burundi
67%
Tuvalu
61%
Nie znaleziono quizów pasujących do podanych kryteriów
Rozkład punktacji
Procent ludzi z każdym wynikiem
Percentyl według liczby udzielonych odpowiedzi
Twoja historia wyników
Nie rozwiązałeś tego quizu